| 000 | 00790cab a2200241 4500 | ||
|---|---|---|---|
| 001 | WB2946-14 | ||
| 008 | 090401t1993 xxu||||| |||| 00| 0 eng d | ||
| 035 | _a(Sirsi) u86500 | ||
| 041 | _aeng | ||
| 245 | _aOur green record is not at all black | ||
| 260 | _c1993 | ||
| 350 | _a0 | ||
| 490 |
_aIndependent _v6 December 1993, 21(2) |
||
| 520 | _aIn the New Economics Foundation (NEF) "Green league of nations" (£5) compiled from statistical data collected by the OECD the UK scored well in a league table of environmental performance of 24 countries. Graphs. | ||
| 650 | _aENVIRONMENTAL PERFORMANCE | ||
| 650 | _aLEAGUE TABLE | ||
| 650 | _aNEF | ||
| 650 | _aOECD | ||
| 650 | _aSTATISTICS | ||
| 690 | _aENVIRONMENTAL AND LAND CONSULTANCY | ||
| 942 | _n0 | ||
| 948 | _c04/03/1997 | ||
| 999 |
_c54447 _d54447 |
||